Nositelia Holubyho pamätnej medaily udelenej v roku 2009

Bibliographic Details
Main Author: Mereďa, Pavol, ml (Author)
Format: Article
Language:Slovak

MARC

LEADER 00000nab a2200000ua 4500
001 vtls010834520
003 SK-MaSNL
005 20260303104207.0
008 230121s2010 xo |||||||||||||||||slo|
035 |a (urnnbn)urn:nbn:sk:snk:ar-a06oi0 
035 |a urn:nbn:sk:snk-ab5yp0 
035 |a (uuid)a4e142b5-92c6-4e40-8aa4-7de587e780bb 
040 |a SNKBUCL  |b slo  |c SNKBUCL  |e AACR2 
041 0 |a slo 
044 |a xo  |c SK 
100 1 |a Mereďa, Pavol,  |c ml.  |4 aut  |9 544766 
245 1 0 |a Nositelia Holubyho pamätnej medaily udelenej v roku 2009  |c Pavol Mereďa Ml. 
773 0 |t Bulletin Slovenskej botanickej spoločnosti pri Slovenskej akadémii vied  |g Roč. 32, č. 1 (2010), s. 112-115 
954 |a odborná, vedecká literatúra pôvodná (slovenská)  |2 lita 
958 |a OND 
958 |a EUIPO 
958 |a article5 
999 |c 1854913  |d 1856843